Score 0/7 Timer 03:00
0 Plays Today
Question Answer Wrong Answers
Written by John Hughes and directed by Chris Columbus, this film starring Macaulay Culkin premieres in Chicago.
1990
Home Alone
95.8%
Baby's Day Out
1.1%
Richie Rich
1.6%
The Pagemaster
0.6%
Inspired by the 1945 ______ photo of servicemen raising the US flag, President Dwight D. Eisenhower dedicates the USMC War Memorial in Arlington County, Virginia.
1954
Iwo Jima
89.9%
Normandy
3.7%
Pearl Harbor
4.1%
Berlin
2%
Ships of the South Korean and North Korean navies skirmish off Daecheong Island in the ______.
2009
Yellow Sea
79.8%
Black Sea
6.7%
Orange Sea
1.9%
Red Sea
10%
This single by Mark Ronson and Bruno Mars is released. It eventually wins two Grammy Awards and is the Billboard Song of the Year in 2015.
2014
Uptown Funk
72.8%
Happy
11.8%
24K Magic
4.2%
Get Lucky
9.6%
Over five months after landing on this planet, NASA declares the Phoenix mission concluded after communications with the lander are lost.
2008
Mars
72.4%
Mercury
9.9%
Venus
9.6%
Saturn
6.7%
One day after abdicating, this German Emperor flees to the Netherlands amidst growing revolutionary unrest.
1918
Wilhelm II
59.8%
Otto von Bismarck
31.9%
Frederick III
5.6%
Paul von Hindenburg
2.6%
This American country music singer-songwriter and guitarist, known for albums like ‘Crazy Ex-Girlfriend’, ‘Four the Record’, and ‘Platinum’, is born.
1983
Miranda Lambert
33.6%
Carrie Underwood
37.2%
Faith Hill
13.3%
Shania Twain
15%
Remove Ads.
Support Sporcle.
Get the best of Sporcle when you Go Orange. This ad-free experience offers more features, more stats, and more fun while also helping to support Sporcle. Thank you for becoming a member.

You're not logged in!

Compare scores with friends on all Sporcle quizzes.
OR
Log In

Show Comments

Extras

Top Quizzes Today


Score Distribution

Your Account Isn't Verified!

In order to create a playlist on Sporcle, you need to verify the email address you used during registration. Go to your Sporcle Settings to finish the process.

Report this User

Report this user for behavior that violates our Community Guidelines.

Details: